LEADER 00974nam0-22003371i-450- 001 990001082610403321 005 20040524151224.0 010 $a0-8053-1601-9 035 $a000108261 035 $aFED01000108261 035 $a(Aleph)000108261FED01 035 $a000108261 100 $a--------d--------km-y0itay50------ba 101 0 $aeng 200 1 $a<>introduction to chaotic dynamical systems$fRobert L. Devaney 210 $aReading [MA] [etc.]$cAddison-Wesley$d1987 225 1 $aGlobal Analysis$ePure and Applied$v3 610 0 $aGeometria algebrica 610 0 $aTopologia 610 0 $aTopologia algebrica 610 0 $aSistemi dinamici 610 0 $aFrattali matematici 676 $a513 700 1$aDevaney,$bRobert L.$021043 801 0$aIT$bUNINA$gRICA$2UNIMARC 901 $aBK 912 $a990001082610403321 952 $a11-230F$b15397$fFI1 959 $aFI1 996 $aIntroduction to chaotic dynamical systems$9126545 997 $aUNINA LEADER 00942nam1 22002411i 450 001 UON00492650 005 20231205105339.92 100 $a20190215d1991 |0itac50 ba 101 $apor 102 $aPT 105 $a|||| ||||| 200 1 $aActas do 4. congresso da Associacao Hispanica de Literatura Medieval 210 $aLisboa$cCosmos 215 $a4 volumi$d24 cm. 463 1$1001UON00492651$12001 $aActas$evolume I$esessoes plenarias$1210 $aLisboa$cCosmos$d1991$1215 $a137 p., [2] c. di tav.$cill.$d24 cm.$v1 606 $aLETTERATURA MEDIEVALE$xCongressi$3UONC094675$2FI 620 $aPT$dLisboa$3UONL003135 676 $a809.0902$cStoria, descrizione, studio critico di più d'una letteratura. Medioevo.$v21 712 $aEdiçoes Cosmos$3UONV283351$4650 801 $aIT$bSOL$c20240220$gRICA 912 $aUON00492650 996 $aActas do 4. congresso da Associacao Hispanica de Literatura Medieval$91542230 997 $aUNIOR